| 000 | 00582nam a2200217 a 4500 | ||
|---|---|---|---|
| 005 | 20210223124601.0 | ||
| 008 | 020305s1994 ea r 000 0 eng d | ||
| 020 | _a1567993230 | ||
| 035 | _aUPN01000116584 | ||
| 049 | _aCE | ||
| 050 | 4 |
_aSB431.7 _bD3.5 |
|
| 100 | 1 | _aDarke, Rick | |
| 245 | 1 | 0 |
_aOrnamental grasses / _cRick Darke. |
| 260 |
_aNew York : _bFriedman/Fairfax, _c1994. |
||
| 300 |
_a72 p. : _bil. col. |
||
| 440 | 0 | _aFor your garden | |
| 650 | 4 |
_aCESPED _99631 |
|
| 650 | 4 |
_aPLANTAS ORNAMENTALES _91143 |
|
| 650 | 4 |
_aARQUITECTURA DE JARDINES _92361 |
|
| 905 | _aLibro | ||
| 999 |
_c89321 _d89321 |
||